| 000 | 00495nam a2200157 i 4500 | ||
|---|---|---|---|
| 001 | 59107 | ||
| 003 | ES-MaACL | ||
| 005 | 20230906163951.0 | ||
| 007 | t| | ||
| 008 | 031027s1958 sp ||||1| spa d | ||
| 100 | 1 |
_aEichler, Lillian. _946811 |
|
| 245 | 1 | 0 |
_aNuevo libro de etiqueta _b: adaptación de las más modernas normas / _cde Lillian Eichler. |
| 260 |
_aBarcelona : _bHymsa, _c[1958] ( _fSoc. Gral. de Publicaciones) |
||
| 300 |
_a371 p. ; _c22 cm. |
||
| 852 |
_aES-MaACL _jC-16457 _bR.43563 |
||
| 999 |
_c59107 _d59107 |
||